Comunità autonome della Spagna - Statistics

Statistiche generali
  • Questo quiz è stato fatto 111 volte
  • Il punteggio medio è 12 su 17
Statistiche sulle risposte
Capoluogo Regione % Corretto
Siviglia Andalusia
94%
Barcellona Catalogna
83%
Santa Cruz de Tenerife e Las Palmas de Gran Canaria (status condiviso) Canarie
81%
Madrid Comunità di Madrid
81%
Nessuna (de iure); Vitoria-Gasteiz (de facto) Paesi Baschi
77%
Palma di Maiorca Isole Baleari
73%
Nessuna (de iure); Valladolid (de facto) Castiglia e León
72%
Toledo Castiglia-La Mancia
72%
Santiago de Compostela Galizia
71%
Murcia Regione di Murcia
69%
Pamplona Comunità Forale della Navarra
65%
Valencia Comunità Valenciana
65%
Oviedo Principato delle Asturie
65%
Saragozza Aragona
62%
Mérida Estremadura
55%
Santander Cantabria
46%
Logroño La Rioja
46%
Nessun quiz corrispondente trovato
Distribuzione punteggi
Percentuale di utenti per punteggio
Percentile per numero di risposta
I tuoi punteggi nel tempo
Non hai fatto questo quiz